Представление документа в формате RUSMARC

ПолеНазваниеЗначение
  Тип записи a
  Библиографический уровень m
001 Контрольный номер RU/REG73/CBS_GRAD2/669898586
005 Дата корректировки 20221122154911.9
010 Индекс ISBN __
a ISBN 5-250--00826-7
101 Язык документа __
a Язык текста rus
200 Заглавие и сведения об ответственности __
a Заглавие Летописцы Победы
f Первые сведения об ответственности Составители Б. С. Бурков, В. А. Мякушков
b Общее обозначение материала Текст
203 Вид содержания и тип средства __
a Вид содержания Текст (визуальный) : непосредственный
210 Выходные данные __
a Место издания Москва
c Издательство Политиздат
d Дата издания 1990
215 Физическое описание __
a Объем 247 с.
c Иллюстрации/тип воспроизводства ил.
686 Индексы других классификаций __
a Классификационный индекс 76.1
801 Источник записи _0
a Страна RU
b Организация RuCBSGrad
g Правила каталогизации PSBO
801 Источник записи _1
a Страна RU
b Организация RuCBSGrad
g Правила каталогизации PSBO
901 Тип документа __
t Тип документа m
981 __
b i
g e
2 isbdcontent
982 __
b n
2 isbdmedia
993 __
a 52705
b 28810
e 73164
f ЦГДБ
h 2.00
i 73164
m 1
n 44278
o I
p 2.00
x 1
y 1
z 63.3(2)722